KATE AND THE CROCODILE (Record no. 2267)
[ view plain ]
| 000 -LEADER | |
|---|---|
| fixed length control field | 00288nam a22001337a 4500 |
| 020 ## - INTERNATIONAL STANDARD BOOK NUMBER | |
| ISBN | 0-7214-1620-9 |
| 082 ## - DEWEY DECIMAL CLASSIFICATION NUMBER | |
| Classification number | 823 |
| Item number | KAT/R |
| 100 ## - MAIN ENTRY--AUTHOR NAME | |
| Personal name | MURRAY WILLIAM |
| 245 ## - TITLE STATEMENT | |
| Title | KATE AND THE CROCODILE |
| 260 ## - PUBLICATION, DISTRIBUTION, ETC. (IMPRINT) | |
| Place of publication | UK |
| Name of publisher | LADY BIRD |
| 300 ## - PHYSICAL DESCRIPTION | |
| Number of Pages | 41 |
| 650 ## - SUBJECT ADDED ENTRY--TOPICAL TERM | |
| Topical Term | ENGLISH SHORT STORY |
| Geographic subdivision | UK |
| 942 ## - ADDED ENTRY ELEMENTS (KOHA) | |
| Koha item type | Books |
| Withdrawn status | Lost status | Collection code | Home library | Current library | Shelving location | Date acquired | Source of acquisition | Full call number | Accession Number | Koha item type |
|---|---|---|---|---|---|---|---|---|---|---|
| Fiction | Main Library | Main Library | SHELF 3-B- LADY BIRD STORY BOOKS | 04/05/2017 | PURCHASE | 823 KAT/R | 09462 | Books |